[Event "GMA-Open"]
[Site "Moscow"]
[Date "1989.??.??"]
[Round "5"]
[White "Tseitlin, Mikhail S"]
[Black "Tseshkovsky, Vitaly"]
[Result "1/2-1/2"]
[WhiteElo "2460"]
[BlackElo "2520"]

1.e4 d6 2.d4 Nf6 3.Nc3 c6 4.f4 Qa5 5.Bd3 e5 6.dxe5 dxe5 7.f5 b5 8.Qe2 Nbd7
9.Nf3 a6 10.Bd2 Qb6 11.a4 Bb7 12.Be3 Bc5 13.Nd1 Bxe3 14.Qxe3 Qxe3+ 15.Nxe3 Nc5
16.Nxe5 O-O 17.N3g4 Nfxe4 18.b4 h5 19.bxc5 Nxc5 20.O-O hxg4 21.f6 Rfe8 22.Nxg4 Nxd3
23.cxd3 Bc8 24.Rf4 Bxg4 25.Rxg4 g6 26.d4 Red8 27.h4 Rd5 28.Rf4 b4 29.Rc1 Rc8
30.Kf2 a5 31.g4 b3 32.Rb1 Rb8 33.Rb2 Rb4 34.Ke3 Rd8 35.h5 gxh5 36.Rf5 Rd5
37.Rxh5 Rxh5 38.gxh5 Kh7 39.Kd3 Kh6 40.Kc3 Kxh5 41.Rxb3 Rxa4 42.Rb6 Ra1 43.Kc2 Kg5
44.Rxc6 a4 45.Ra6 a3 46.Kb3 Kf5 47.Rd6  1/2-1/2

[Event "GMA-Open"]
[Site "Moscow"]
[Date "1989.??.??"]
[Round "6"]
[White "Arakhamia, Ketevan"]
[Black "Rogers, Ian"]
[Result "1-0"]
[WhiteElo "2395"]
[BlackElo "2505"]

1.e4 d6 2.d4 Nf6 3.Nc3 e5 4.Nf3 Nbd7 5.Be2 c6 6.a4 Be7 7.O-O O-O 8.Re1 Qc7
9.b3 Re8 10.Ba3 Bf8 11.h3 g6 12.dxe5 dxe5 13.Bxf8 Nxf8 14.Qd2 Ne6 15.Rad1 Rd8
16.Qe3 Rxd1 17.Rxd1 Kg7 18.Bc4 Qa5 19.Qd2 Ne8 20.Ne2 Qxd2 21.Rxd2 f6 22.a5 Kf8
23.Nh2 Ke7 24.Ng4 h5 25.Ne3 Ng5 26.Bd3 Nd6 27.Rd1 h4 28.f3 b5 29.b4 Be6 30.Rc1 Rb8
31.Kf1 Bf7 32.Ke1 Ne6 33.Rb1 a6 34.Nc1 Nf4 35.Nb3 Nb7 36.Bf1 Rd8 37.Nd2 c5
38.c4 bxc4 39.Ndxc4 Rd4 40.bxc5 Nxc5 41.Nb6 Ncd3+ 42.Kd2 Ba2 43.Ra1 Be6 44.Kc3 Nc5
45.Nc2 Rd8 46.Nb4 Kf7 47.Nxa6 Nb3 48.Ra3 Nd2 49.Ra1 Nxf1 50.Rxf1 Nxg2 51.Nc5 Bxh3
52.a6 Nf4 53.Rh1 g5 54.Rxh3 Nxh3 55.a7 Nf4 56.Nb7 Rh8 57.Nd6+ Kg8 58.Nbc8 h3
59.a8=Q h2 60.Ne7+ Kh7 61.Qa7  1-0

[Event "GMA-Open"]
[Site "Moscow"]
[Date "1989.??.??"]
[Round "7"]
[White "Marjanovic, Slavoljub"]
[Black "Titov, German"]
[Result "1/2-1/2"]
[WhiteElo "2490"]
[BlackElo "2390"]

1.e4 d6 2.d4 Nf6 3.Nc3 c6 4.a4 g6 5.h3 Bg7 6.Nf3 O-O 7.a5 Na6 8.Be3 Nc7 9.Be2 b5
10.axb6 axb6 11.Rxa8 Nxa8 12.O-O Nc7 13.Qa1 b5 14.Nd2 Na6 15.Rc1 Bb7 16.Nb3 Qc7
17.Qa5 Ra8 18.Qxc7 Nxc7 19.f3 Nd7 20.Ra1 Rxa1+ 21.Nxa1 e5 22.Nb3 b4 23.Nd1 exd4
24.Bxd4 Bxd4+ 25.Nxd4 c5 26.Nb5 Nxb5 27.Bxb5 Nb6 28.Ne3 Kf8 29.Kf2 Ke7 30.h4 Bc8
31.g4 h6 32.g5 hxg5 33.hxg5 f6 34.gxf6+ Kxf6 35.Nc4 Nxc4 36.Bxc4 Ke5 37.Ke3 g5
38.c3  1/2-1/2

[Event "GMA-Open"]
[Site "Moscow"]
[Date "1989.??.??"]
[Round "9"]
[White "Kotronias, Vasilios"]
[Black "Titov, German"]
[Result "0-1"]
[WhiteElo "2505"]
[BlackElo "2390"]

1.e4 d6 2.d4 Nf6 3.Nc3 c6 4.a4 Qa5 5.Bd2 Qc7 6.Bc4 e5 7.Nf3 Be7 8.O-O a5
9.dxe5 dxe5 10.Ng5 O-O 11.f4 h6 12.Nf3 exf4 13.e5 Ng4 14.Kh1 Qb6 15.Qe2 Ne3
16.Bxe3 Qxe3 17.Qxe3 fxe3 18.Nd4 Nd7 19.Rxf7 Nxe5 20.Rxe7+ Nxc4 21.b3 Nd6
22.Rxe3 Nf5 23.Nxf5 Bxf5 24.Re2 Rac8 25.Rd2 Rcd8 26.Rf2 Bg6 27.Re2 Rde8 28.Rd2 Re3
29.Ne2 Rf2 30.Rd8+ Kh7 31.Nd4 Be4 32.Ne6 Rxg2 33.Nf8+ Kg8 34.Ng6+ Kf7 35.Ne5+ Ke7  0-1

[Event "Munich"]
[Site "Munich"]
[Date "1989.??.??"]
[Round "?"]
[White "Groszpeter, Attila"]
[Black "Hickl, Joerg"]
[Result "1/2-1/2"]
[WhiteElo "2500"]
[BlackElo "2500"]

1.d4 d6 2.e4 Nf6 3.Nc3 c6 4.Nf3 g6 5.Be2 Bg7 6.O-O O-O 7.Re1 Qc7 8.e5 dxe5
9.Nxe5 Be6 10.Bf4 Qb6 11.Na4 Qd8 12.Nc5 Bc8 13.c3 Nbd7 14.Ncd3 Nxe5 15.Bxe5 Bf5
16.Nc5 b6 17.Nd3 Qd7 18.Bg3 Be4 19.Ne5 Qb7 20.Qa4 a5 21.Bf1 b5 22.Qd1 Bd5
23.Nd3 Qa7 24.Nc5 a4 25.h3 Rfe8 26.Be5  1/2-1/2

[Event "New York op"]
[Site "New York"]
[Date "1989.??.??"]
[Round "8"]
[White "Murrey, Jacob"]
[Black "Rivas Pastor, Manuel"]
[Result "1/2-1/2"]
[WhiteElo "2560"]
[BlackElo "2505"]

1.e4 d6 2.d4 Nf6 3.Nc3 c6 4.f4 Qa5 5.Bd3 e5 6.Nf3 Bg4 7.fxe5 dxe5 8.dxe5 Nfd7
9.Bf4 Bb4 10.O-O Bxc3 11.bxc3 O-O 12.Qb1 b5 13.Qb4 Qb6+ 14.Kh1 Nc5 15.Be3 Nbd7
16.e6 fxe6 17.e5 Bxf3 18.gxf3 Nxd3 19.Qxf8+ Kxf8 20.Bxb6 N3xe5 21.Bd4 Nc4
22.Rad1 g6 23.Rfe1 Kf7 24.Re4 e5 25.Bf2 Nf6 26.Rxc4 bxc4 27.Rd6 Rc8 28.Bg3 Ke7
29.Bxe5 Nd5 30.h4 Nxc3 31.h5 Nb5 32.Rf6 gxh5 33.Rh6 c5 34.c3 Rf8 35.f4 Rf5
36.Kg2 Rxe5 37.fxe5 Nxc3 38.Kf3 Nxa2 39.Ke4 c3 40.Rxh7+ Ke6 41.Rh6+ Ke7 42.Rxh5  1/2-1/2

[Event "Novi Sad op"]
[Site "Novi Sad"]
[Date "1989.??.??"]
[Round "2"]
[White "Vasiljevic, Dragan"]
[Black "Titov, German"]
[Result "0-1"]
[WhiteElo "2315"]
[BlackElo "2480"]

1.d4 d6 2.e4 Nf6 3.Nc3 c6 4.Be2 Qa5 5.Bd2 Qb6 6.e5 Nd5 7.Nxd5 cxd5 8.Bc3 Bf5
9.Nf3 e6 10.a4 a6 11.O-O Nc6 12.a5 Qc7 13.Nh4 Bg6 14.Nxg6 hxg6 15.f4 g5 16.g3 gxf4
17.gxf4 O-O-O 18.Bg4 Kb8 19.Be1 dxe5 20.dxe5 Bb4 21.Bg3 g6 22.c3 Bxa5 23.Qa4 Bb6+
24.Kh1 Ne7  0-1

[Event "Novi Sad op"]
[Site "Novi Sad"]
[Date "1989.??.??"]
[Round "5"]
[White "Rakic, Tomislav"]
[Black "Titov, German"]
[Result "0-1"]
[WhiteElo "2355"]
[BlackElo "2480"]

1.d4 d6 2.e4 Nf6 3.Nc3 c6 4.f4 g6 5.Nf3 Bg7 6.Bd3 O-O 7.O-O Bg4 8.Be3 Qb6
9.Qd2 Bxf3 10.gxf3 Nbd7 11.a4 e6 12.Ne2 Qc7 13.c4 d5 14.e5 Ne8 15.cxd5 cxd5
16.a5 a6 17.f5 gxf5 18.Kh1 Kh8 19.Rac1 Qd8 20.Bg5 f6 21.Bh4 Qe7 22.Ng3 Qf7
23.f4 Rg8 24.Be2 Nf8 25.Nh5 Ng6 26.Bg3 Bf8 27.Qc2 Be7 28.Qa4 Bd8 29.Rc3 Rf8
30.Rfc1 Ne7 31.Be1 fxe5 32.dxe5 Ng7 33.Rh3 Nc6 34.Bc3 Ne8 35.Ng3 Ng7 36.Rh6 Rg8
37.Bf3 Qe8 38.b4 Ne7 39.Qd1 Ng6 40.Bh5 Nxh5 41.Qxh5 Qd7 42.Qf3 Nxf4 43.Nxf5 Bg5
44.Rf6 d4 45.Nd6 Bxf6 46.Bxd4 Bg5 47.Bb6 Rac8 48.Nxc8 Rxc8 49.Rg1  0-1

[Event "Olomouc"]
[Site "Olomouc"]
[Date "1989.??.??"]
[Round "?"]
[White "Pokorny, Zdenek"]
[Black "Hesse, Peter"]
[Result "0-1"]
[WhiteElo "2305"]
[BlackElo "2360"]

1.e4 d6 2.d4 Nf6 3.Nc3 e5 4.dxe5 dxe5 5.Qxd8+ Kxd8 6.Bg5 c6 7.O-O-O+ Ke8
8.Nf3 Nbd7 9.Bh4 Bb4 10.Bd3 Ba5 11.h3 Nh5 12.Rhe1 Nf4 13.Bf1 f6 14.Nd2 Nb6
15.a3 Bxc3 16.bxc3 Be6 17.f3 Na4 18.Re3 Ke7 19.Nb3 b6 20.Bf2 Rad8 21.Rxd8 Rxd8
22.h4 Bf7 23.g3 Ne6 24.Be1 h5 25.Rd3 Rg8 26.Bd2 g5 27.hxg5 Nxg5 28.Re3 Ne6
29.Be1 h4 30.gxh4 Rg1 31.Nd2 Nf4 32.c4 Rh1 33.c3 Ng6 34.Kc2 Nxh4 35.Bg3 Ng6
36.Re1 Nc5 37.Bg2 Rh8 38.Rh1 Rg8 39.Bf1 Ne6 40.Bf2 Ngf4 41.a4 Bg6 42.a5 c5
43.Rh4 Ng5 44.Be3 Nxf3 45.Nxf3 Bxe4+ 46.Kb3 Bxf3 47.Rh7+ Kd6 48.Rxa7 bxa5
49.Ra6+ Bc6 50.Rxa5 Ne6 51.Bh3 Rg3 52.Bxe6 Rxe3 53.Ra6 Kxe6 54.Rxc6+ Ke7
55.Kc2 f5 56.Kd2 Rf3 57.Rxc5 e4 58.Rc7+ Ke6 59.Rc8 Rd3+ 60.Kc2 Rh3 61.Re8+ Kd6
62.c5+ Kd5 63.c4+ Kd4 64.Rf8 Rc3+ 65.Kd2 e3+ 66.Ke2 Rc2+ 67.Kd1 e2+ 68.Ke1 Ke3
69.Re8+ Kf3 70.c6 Rc1+ 71.Kd2 Rd1+  0-1

[Event "GMA Baleares Open"]
[Site "Palma de Mallorca"]
[Date "1989.??.??"]
[Round "2"]
[White "Romero Holmes, Alfonso"]
[Black "Tseshkovsky, Vitaly"]
[Result "0-1"]
[WhiteElo "2430"]
[BlackElo "2520"]

1.e4 d6 2.d4 Nf6 3.Nc3 c6 4.f4 Qa5 5.Qf3 e5 6.dxe5 dxe5 7.f5 b5 8.Bd2 Qb6
9.g4 h6 10.Nge2 Nbd7 11.h4 Bb7 12.Ng3 O-O-O 13.O-O-O Bc5 14.Be2 Ne8 15.g5 hxg5
16.hxg5 Nd6 17.g6 f6 18.Rh7 Rxh7 19.gxh7 Rh8 20.Rh1 Nf8 21.Nd1 Qd8 22.Qc3 Bb6
23.Qb3 Rxh7 24.Rxh7 Nxh7 25.a4 a6 26.c4 Qg8 27.Qc2 Nxc4 28.axb5 axb5 29.Bxc4 Qxc4
30.Qxc4 bxc4 31.Nh5 Bd4 32.Ne3 Ng5 33.Ng3 c5 34.Nxc4 Kd7 35.Bxg5 fxg5 36.Kd2 Ke7
37.Kd3 Ba6 38.b3 g4 39.Ke2 Kf6 40.Nh5+ Kf7 41.Ke1 Bxc4 42.bxc4 g6 43.Ng3 Kf6
44.Kf1 gxf5 45.exf5 Kg5 46.Kg2 Be3 47.Kf1 e4 48.Nxe4+ Kxf5 49.Nc3 Ke5 50.Nd5 Bg5
51.Kg2 Bh4 52.Ne3 Kf4 53.Nf1 Be1 54.Nh2 Kf5 55.Nf1 Ke4 56.Nh2 Kf4 57.Nf1 g3
58.Kh3 Ke4 59.Kg2 Kd3 60.Kf3 Bf2 61.Kg2 Kxc4  0-1

[Event "GMA Baleares Open"]
[Site "Palma de Mallorca"]
[Date "1989.??.??"]
[Round "5"]
[White "Liberzon, Vladimir M"]
[Black "Hodgson, Julian M"]
[Result "1-0"]
[WhiteElo "2480"]
[BlackElo "2535"]

1.e4 d6 2.d4 Nf6 3.Nc3 c6 4.f4 Qa5 5.Bd2 Qb6 6.Nf3 Bg4 7.e5 Nd5 8.exd6 Nxc3
9.Bxc3 e6 10.h3 Bxf3 11.Qxf3 Bxd6 12.f5 O-O 13.O-O-O Qd8 14.fxe6 fxe6 15.Qg4 Bf4+
16.Kb1 Qd5 17.Re1 Rf6 18.Bd3 Nd7 19.Re4 h5 20.Qe2 b5 21.Rf1 Raf8 22.Bb4 Bd6
23.Rxf6 Nxf6 24.Bxd6 Qxd6 25.Rxe6 Qxd4 26.a3 Qc5 27.Qf3 b4 28.Rxc6 Qg1+ 29.Ka2 bxa3
30.Bc4+ Kh8 31.Rxf6 gxf6 32.Qxh5+ Kg7 33.Bd3 Rf7 34.Bg6 Kf8 35.Qh8+ Ke7 36.Qg8  1-0

[Event "GMA Baleares Open"]
[Site "Palma de Mallorca"]
[Date "1989.??.??"]
[Round "7"]
[White "Vreeken, Corry"]
[Black "Prins, Lodewijk"]
[Result "0-1"]
[WhiteElo "2180"]
[BlackElo "2245"]

1.e4 d6 2.d4 Nf6 3.Nc3 c6 4.Nf3 Qa5 5.Bd3 e5 6.h3 Be7 7.O-O Nbd7 8.a4 Nf8
9.Ne2 Ng6 10.Bd2 Qc7 11.Ng3 O-O 12.Re1 Be6 13.Bc3 Rad8 14.Qc1 Rfe8 15.b4 Bf8
16.Qb2 Bc8 17.Rad1 b6 18.Bf1 exd4 19.Nxd4 Nd7 20.b5 Nde5 21.Nxc6 Nxc6 22.bxc6 Re7
23.Nh5 f5 24.Bc4+ Kh8 25.Bd5 Rde8 26.exf5 Bxf5 27.Rxe7 Rxe7 28.Ng3 Be6 29.Qb3 Nf4
30.Bxe6 Rxe6 31.Bd2 Rf6 32.Bxf4 Rxf4 33.Qe3 Rf7 34.Qe8 Kg8 35.Qa8 g6 36.Ne4 Kg7
37.c4 Be7 38.Qb7 Bf8 39.Qa8 Be7 40.f3 Rf8 41.Qb7 Qxb7 42.cxb7 Rb8 43.Nxd6 Bxd6
44.Rxd6 Rxb7 45.Rc6 Kf7 46.c5 Ke7 47.cxb6 axb6 48.g4 Kd7 49.Rf6 Ke7 50.g5 b5
51.a5 b4 52.a6 Rb5 53.h4 b3 54.a7 b2 55.a8=Q b1=Q+ 56.Kg2 Rb2+ 57.Kg3 Qe1+
58.Kg4 Rg2+ 59.Kf4 Qxh4+ 60.Ke3 Qxg5+ 61.Rf4 Qc5+ 62.Rd4 Qc1+ 63.Ke4 Qe1+
64.Kd5 Qe6+ 65.Kc5 Rc2+ 66.Kb5 Qb3+ 67.Rb4 Qd3+ 68.Kb6 Qd6+ 69.Ka5 Ra2+ 70.Ra4 Qc5+  0-1

[Event "GMA Baleares Open"]
[Site "Palma de Mallorca"]
[Date "1989.??.??"]
[Round "8"]
[White "Razuvaev, Yuri S"]
[Black "Kochyev, Alexander"]
[Result "1/2-1/2"]
[WhiteElo "2545"]
[BlackElo "2475"]

1.d4 d6 2.e4 Nf6 3.Nc3 c6 4.Nf3 Bg4 5.Be2 e6 6.h3 Bh5 7.O-O Be7 8.Ng5 Bxe2
9.Qxe2 d5 10.e5 Nfd7 11.Qg4 g6 12.Ne2 c5 13.c3 Qb6 14.h4 h5 15.Qf3 Rf8 16.Qd3 Qa6
17.Qd1 Nc6 18.Nf3 O-O-O 19.Bh6 Rh8 20.Bg5 Rhe8 21.Bxe7 Rxe7 22.Nf4 Kb8 23.Re1 Rc8
24.b3 Ka8 25.Re2 cxd4 26.cxd4 Ndb8 27.a3 Rec7 28.Ng5 Qb6 29.Rd2 Nd8 30.Ne2 Nbc6
31.g3  1/2-1/2

[Event "GMA Baleares Open"]
[Site "Palma de Mallorca"]
[Date "1989.??.??"]
[Round "9"]
[White "Polihroniade, Elisabeta"]
[Black "Prins, Lodewijk"]
[Result "1/2-1/2"]
[WhiteElo "2170"]
[BlackElo "2245"]

1.e4 d6 2.d4 Nf6 3.Nc3 c6 4.Bc4 b5 5.Bd3 e5 6.Nf3 Qc7 7.O-O Be7 8.dxe5 dxe5
9.a4 b4 10.Ne2 O-O 11.Ng3 Nbd7 12.Nf5 Nc5 13.N3h4 Rd8 14.Qf3 Be6 15.Bg5 Kf8
16.Rfd1 Ng8 17.Nxe7 Nxe7 18.Qh5 Kg8 19.Nf5 Bxf5 20.exf5 Nxd3 21.f6 Ng6 22.cxd3 Rd6
23.fxg7 f6 24.Bh6 Rad8 25.Qg4 Qd7 26.Qxb4 Rd4 27.Qb3+ Qd5 28.Qa3 Rd6 29.Be3 Nh4
30.f3 Rg4 31.Kh1 Rxg2 32.Qa2 Re2 33.Qxd5+ Rxd5 34.Bxa7 Nxf3 35.Bg1 Rxb2 36.a5 c5
37.a6 Rd8 38.a7 Ra8 39.Rf1 Nxg1 40.Rxg1 Rb7 41.Raf1 Rxg7 42.Rxf6 Rxg1+ 43.Kxg1 Rxa7
44.Re6 Ra2 45.Rxe5 Rc2 46.Re7 Rd2  1/2-1/2

[Event "Paris-Elo (Women)"]
[Site "Paris"]
[Date "1989.??.??"]
[Round "?"]
[White "Dubois, Martine"]
[Black "Piquemal, Christianne"]
[Result "1/2-1/2"]
[WhiteElo "2035"]
[BlackElo "1860"]

1.e4 d6 2.d4 c6 3.Nc3 Nf6 4.Be3 g6 5.Qd2 Bg7 6.a4 O-O 7.f3 e5 8.Bc4 Nbd7
9.Bb3 Qc7 10.Nge2 Re8 11.O-O Nf8 12.Rad1 Bd7 13.dxe5 dxe5 14.Bc5 Be6 15.Bxe6 Nxe6
16.Bd6 Qb6+ 17.Kh1 Rad8  1/2-1/2

[Event "Paris op-1"]
[Site "Paris"]
[Date "1989.??.??"]
[Round "?"]
[White "Petit, Eric"]
[Black "Benet Catala, Antonio"]
[Result "1-0"]
[WhiteElo "2160"]
[BlackElo "1950"]

1.e4 d6 2.d4 Nf6 3.Nc3 c6 4.Bg5 Nbd7 5.Nf3 g6 6.Qd2 Bg7 7.Bd3 Qc7 8.a4 O-O
9.O-O e5 10.Rae1 exd4 11.Nxd4 Ng4 12.Be2 Nc5 13.h3 Nf6 14.Bd3 Ne6 15.Nxe6 Bxe6
16.Kh1 d5 17.e5 Nd7 18.f4 Nc5 19.g4 d4 20.Ne4 Bd5 21.Kg1 Bxe4 22.Bxe4 Nxe4
23.Rxe4 c5 24.Qe2 Qc6 25.c3 Rfe8 26.Re1 Rac8 27.Qc4 Qe6 28.Qxe6 fxe6 29.Kf2 Bf8
30.Ke2 Be7 31.Bf6 Kf7 32.g5 Bd8 33.Kd3 Ba5 34.Rh1 a6 35.h4 b5 36.axb5 axb5
37.h5 Bxc3 38.Re2 gxh5 39.Ke4 c4 40.Rxh5 Rh8 41.bxc3  1-0

[Event "Paris-ch"]
[Site "Paris"]
[Date "1989.??.??"]
[Round "4"]
[White "Sellos, Didier"]
[Black "Jansa, Vlastimil"]
[Result "0-1"]
[WhiteElo "2405"]
[BlackElo "2515"]

1.e4 d6 2.d4 Nf6 3.Nc3 c6 4.f4 Qa5 5.e5 Ne4 6.Qf3 Nxc3 7.Bd2 Bf5 8.Bxc3 Qd5
9.Bd3 Bxd3 10.cxd3 e6 11.Qg3 Nd7 12.Ne2 O-O-O 13.O-O f5 14.b4 Be7 15.Qe3 dxe5
16.dxe5 Nb6 17.Rf3 Kb8 18.Be1 Rd7 19.Qc1 Na4 20.Qc2 Qb5 21.Rb1 Rhd8 22.Rb3 Qd5
23.Bf2 Rc7 24.Ra3 b5 25.Rb3 a6 26.d4 c5 27.bxc5 Bxc5 28.Qb1 Bb6 29.h3 Rdc8
30.Kh2 Rc2 31.Rfe3 Qc4 32.Qd1 Rxa2 33.Bh4 Qd5 34.Rg3 h6 35.Be7 Rcc2 36.Rbe3 Kb7
37.Qf1 Ba5 38.h4 Bd2 39.Ref3 Ba5 40.Ng1 Bb6 41.h5 Bxd4 42.Ra3 Rf2  0-1

[Event "Paris AECE"]
[Site "Paris"]
[Date "1989.??.??"]
[Round "9"]
[White "Bolzoni, Victor Angel"]
[Black "Spiridonov, Nikola"]
[Result "0-1"]
[WhiteElo "2270"]
[BlackElo "2390"]

1.e4 d6 2.d4 Nf6 3.Nc3 c6 4.a4 a5 5.Nf3 Bg4 6.Be2 e6 7.O-O d5 8.Ng5 Bxe2
9.Qxe2 h6 10.Nf3 dxe4 11.Nxe4 Nbd7 12.Ng3 Be7 13.Ne5 O-O 14.f4 Re8 15.Kh1 c5
16.dxc5 Bxc5 17.Nh5 Qc7 18.Nxd7 Nxd7 19.Rd1 Be7 20.Be3 Nf6 21.c3 Red8 22.Bd4 Nxh5
23.Qxh5 Rd5 24.Qg4 g6 25.Re1 Qc6 26.Re2 Re8 27.Rae1 Bf8 28.Qf3 Bg7 29.Be5 Red8
30.Qe4 Qb6 31.b4 axb4 32.Bxg7 Kxg7 33.cxb4 Rd4 34.Qe5+ Kg8 35.Rb2 Rxb4 36.a5 Qd4
37.Rxb4 Qxb4 38.h3 Rd5 39.Qb8+ Kg7 40.Ra1 Qc3 41.Rb1 Rxa5 42.Rxb7 Rf5 43.Rb4 Qg3
44.Rd4 g5 45.Rd8 Rxf4 46.Rg8+ Kh7 47.Rh8+ Kg6 48.Qb1+ Rf5 49.Qa1 Qe5 50.Qb1 Qxh8
51.g4 Qe5 52.gxf5+ Qxf5 53.Qb8 Qxh3+ 54.Kg1 Qg4+ 55.Kh1 Qf3+ 56.Kg1 Kh7 57.Qe5 h5
58.Qc7 h4 59.Qe7 h3  0-1

[Event "BCF-ch"]
[Site "Plymouth"]
[Date "1989.??.??"]
[Round "?"]
[White "Crawley, Gavin"]
[Black "Hodgson, Julian M"]
[Result "0-1"]
[WhiteElo "2380"]
[BlackElo "2535"]

1.e4 d6 2.d4 Nf6 3.Nc3 c6 4.g3 g6 5.Bg2 Bg7 6.a4 O-O 7.h3 b6 8.Nge2 Bb7 9.O-O Nbd7
10.Bg5 a6 11.Re1 b5 12.Qd2 b4 13.Nd1 a5 14.Bh6 e5 15.Bxg7 Kxg7 16.Ne3 c5
17.d5 Ba6 18.c4 bxc3 19.Nxc3 c4 20.Nb5 Nc5 21.Qc2 Rb8 22.Nxc4 Bxb5 23.axb5 Rxb5
24.Bf1 Nb3 25.Ra3 Nd4 26.Qc3 Qb8 27.Kg2 Rc8 28.Rxa5 Rb3 29.Qc1 Qb4 30.Ra6 Rxb2
31.Qxb2 Qxe1 32.f3 Nxf3 33.Ra1 Qxe4 34.Nxd6 Rc2+  0-1

[Event "BCF-ch"]
[Site "Plymouth"]
[Date "1989.??.??"]
[Round "?"]
[White "Beake, Ben"]
[Black "Hodgson, Julian M"]
[Result "0-1"]
[WhiteElo "2315"]
[BlackElo "2535"]

1.d4 d6 2.e4 Nf6 3.Nc3 c6 4.a4 g6 5.Nf3 Bg7 6.Be2 Bg4 7.Be3 d5 8.e5 Nfd7
9.Ng5 Bxe2 10.Nxe2 h6 11.Nf3 Nf8 12.Nf4 Qd7 13.c3 Ne6 14.Qd3 Nxf4 15.Bxf4 Na6
16.O-O O-O 17.e6 Qxe6 18.Rae1 Qg4 19.Qe3 g5 20.Be5 f6 21.Bg3 e5 22.h3 Qh5
23.dxe5 f5 24.Qe2 f4 25.Bh2 Rae8 26.b4 Nc7 27.b5 Qg6 28.c4 h5 29.g4 fxg3
30.fxg3 g4 31.hxg4 hxg4 32.Nh4 Qg5 33.bxc6 bxc6 34.Rxf8+ Rxf8 35.cxd5 Nxd5
36.Ng2 Rf5 37.e6 Re5 38.Qf2 Rxe1+ 39.Nxe1 Qg6 40.Qe2 Bd4+ 41.Kh1 Kf8 42.Nc2 Bb6
43.Bg1 Qh7+ 44.Qh2 Qxh2+ 45.Kxh2 Ke7 46.Nd4 Bxd4 47.Bxd4 a6 48.Kg2 Kxe6 49.Kf2 Kf5
50.Ke2 Ke4 51.Bh8 Ne3 52.Kd2 Nf1+ 53.Kc3 Nxg3 54.Kc4 Ne2 55.Bf6 g3 56.Bh4 g2
57.Bf2 Nf4 58.Bg1 Nh3 59.Bh2 Ng5 60.Bg1 Nf3 61.Bf2 Ne5+ 62.Kc3 Kd5  0-1

[Event "BCF-ch"]
[Site "Plymouth"]
[Date "1989.??.??"]
[Round "?"]
[White "Emms, John M"]
[Black "Hodgson, Julian M"]
[Result "0-1"]
[WhiteElo "2300"]
[BlackElo "2535"]

1.e4 d6 2.d4 Nf6 3.Nc3 c6 4.f4 Qa5 5.Qf3 d5 6.e5 Ne4 7.Bd3 Na6 8.Ne2 Nb4
9.Bxe4 dxe4 10.Qxe4 f5 11.exf6 Bf5 12.Qf3 Nxc2+ 13.Kf2 O-O-O 14.g4 Nxa1 15.gxf5 Qxf5
16.Rd1 exf6 17.Ne4 Re8 18.N2c3 Kb8 19.d5 Bb4 20.dxc6 bxc6 21.Bd2 Nc2 22.Qd3 Bxc3
23.Qd6+ Kb7 24.Nxc3 Rd8 25.Qe7+ Rd7 26.Qe4 Qxe4 27.Nxe4 Rd5  0-1

[Event "BCF-ch"]
[Site "Plymouth"]
[Date "1989.??.??"]
[Round "?"]
[White "McDonald, Neil R"]
[Black "Hodgson, Julian M"]
[Result "1/2-1/2"]
[WhiteElo "2360"]
[BlackElo "2535"]

1.e4 d6 2.d4 Nf6 3.Nc3 c6 4.f4 Qa5 5.Bd2 Qb6 6.Nf3 Bg4 7.h3 Bxf3 8.Qxf3 Qxd4
9.O-O-O Nbd7 10.g4 g6 11.h4 h5 12.gxh5 Rxh5 13.Be2 Qb6 14.Be3 Qc7 15.Qh3 Ra5
16.Rhf1 O-O-O 17.e5 dxe5 18.fxe5 Qxe5 19.Bd4 Qe6 20.Qxe6 fxe6 21.Bc4 Nd5
22.b4 Nxb4 23.Bxe6 Nd5 24.Nxd5 cxd5 25.Rg1 Bh6+ 26.Kb1 Bf4 27.Rxg6 Kc7 28.h5 Rb5+
29.Ka1 Ne5 30.Rf1 Nxg6 31.hxg6 Bh6 32.Rh1 Kd6 33.Bf7 Bf8 34.g7 Bxg7 35.Bxg7 Rb4
36.Rh6+ Kc5 37.c3 Re4 38.Bd4+ Kc4 39.Rh1 e5 40.Bxa7 Kxc3 41.Bb6 Rd6 42.Bc5 Rd8
43.Bb6 Rd6  1/2-1/2

[Event "Podolsk GMA-qual"]
[Site "Podolsk"]
[Date "1989.??.??"]
[Round "?"]
[White "Galdunts, Sergey"]
[Black "Orlov, Georgi"]
[Result "1/2-1/2"]
[WhiteElo "2440"]
[BlackElo "2515"]

1.e4 d6 2.d4 Nf6 3.Nc3 c6 4.g3 Nbd7 5.Bg2 e5 6.Nge2 Be7 7.O-O Qc7 8.a4 b6
9.h3 h5 10.Be3 a6 11.f4 Bb7 12.Nc1 c5 13.dxe5 dxe5 14.Nd3 Rd8 15.Qe1 Bd6
16.Nd5 Bxd5 17.exd5 O-O 18.c4 Rfe8 19.Qf2 e4 20.Nc1 b5 21.axb5 axb5 22.b3 Ra8
23.Rxa8 Rxa8 24.Qc2 bxc4 25.bxc4 Ra3 26.Nb3 Qa7 27.Rb1 Qa4 28.Bf1 Qa7 29.Rb2 Qc7
30.Qf2 Ra4 31.Nd2 Ra1 32.Nb1 Qa5 33.Qe2 Nf8 34.g4 hxg4 35.hxg4 Qc7 36.g5 N6d7
37.Qg4 Ng6 38.f5 Nf4 39.Kh1 Nf8 40.Nd2 Nd3 41.Rb1 Rxb1 42.Nxb1 Bf4 43.Bg1 Qe5
44.g6 fxg6 45.fxg6 Qf6 46.Bg2 Ne5 47.Qh5 Nxc4 48.Bxe4 Nd6 49.Bc2 c4 50.Qg4 Qe5
51.Qf3 Nf5 52.Nc3 Nxg6 53.Ne2 Qxe2 54.Qxe2 Ng3+ 55.Kg2 Nxe2 56.Bxg6 Nxg1
57.Kxg1 Kf8 58.Kf2 Ke7 59.Kf3 Be5 60.Ke4 Kd6 61.Bh5 Bf6 62.Be2 Kc5 63.Bf3 Be7
64.Bd1 Bd6 65.Bf3 g6 66.Bd1 Kb4 67.Kd4 g5 68.Ke4 Kc3 69.Be2 Kb3 70.Bd1+ Kb2
71.Kf5 Be7 72.d6 Bd8 73.Ke4 c3 74.Kd3 Ba5 75.d7 Bd8 76.Ba4 Bc7 77.Bd1 g4
78.Ke4 Kc1 79.Ba4 Kd2 80.d8=Q+ Bxd8  1/2-1/2

[Event "Podolsk GMA-qual"]
[Site "Podolsk"]
[Date "1989.??.??"]
[Round "?"]
[White "Minasian, Artashes"]
[Black "Gorelov, Sergey G"]
[Result "1-0"]
[WhiteElo "2485"]
[BlackElo "2450"]

1.e4 d6 2.d4 Nf6 3.Nc3 c6 4.Bg5 Nbd7 5.Qd2 e5 6.Nf3 Be7 7.Nh4 exd4 8.Qxd4 Nc5
9.Nf5 Ne6 10.Qd2 Nxg5 11.Qxg5 Bxf5 12.Qxf5 Qd7 13.Qf3 O-O 14.O-O-O Qe6 15.Bd3 Nd7
16.Kb1 Bf6 17.Ne2 Rfe8 18.Qf4 Nc5 19.f3 b5 20.c3 Be5 21.Qe3 Rab8 22.Nd4 Qd7
23.f4 Bf6 24.Bc2 b4 25.e5 Qc8 26.Nf5 bxc3 27.Qxc3 dxe5 28.Qxc5 Rb5 29.Qc4 exf4
30.Nd6 Rxb2+ 31.Kc1 Qe6 32.Rhe1 Qxe1 33.Qxf7+ Kh8 34.Rxe1  1-0

[Event "Podolsk GMA-qual"]
[Site "Podolsk"]
[Date "1989.??.??"]
[Round "?"]
[White "Tseitlin, Mark D"]
[Black "Orlov, Georgi"]
[Result "1-0"]
[WhiteElo "2435"]
[BlackElo "2515"]

1.e4 d6 2.d4 Nf6 3.Nc3 c6 4.Bg5 Nbd7 5.Qd2 e5 6.f4 h6 7.Bxf6 Qxf6 8.Nge2 g5
9.fxe5 dxe5 10.d5 Nb6 11.O-O-O h5 12.Kb1 h4 13.Nc1 Bd7 14.dxc6 bxc6 15.Bc4 Bg4
16.Be2 Be6 17.Nb5 Qe7 18.Qc3 Rc8 19.Nd6+ Qxd6 20.Rxd6 Bxd6 21.Rd1 Ke7 22.Qd2 Rcd8
23.Qxg5+  1-0

[Event "Podolsk GMA-qual"]
[Site "Podolsk"]
[Date "1989.??.??"]
[Round "?"]
[White "Yudasin, Leonid"]
[Black "Kiselev, Sergey"]
[Result "1/2-1/2"]
[WhiteElo "2555"]
[BlackElo "2445"]

1.e4 d6 2.d4 Nf6 3.Nc3 c6 4.f4 Qa5 5.e5 Ne4 6.Qf3 Nxc3 7.Bd2 Bf5 8.Bxc3 Qd5
9.Qxd5 cxd5 10.Bd3 Bxd3 11.cxd3 e6 12.Ne2 Nc6 13.O-O b6 14.g4 h5 15.h3 hxg4
16.hxg4 g5 17.Kg2 gxf4 18.Rxf4 Rd8 19.Raf1 Rh7 20.b3 Rd7 21.Bb2 Nb4 22.R4f3 Rc7
23.Rc1 Rxc1 24.Nxc1 Rh4 25.Kg3 Rh1 26.Kg2 Rd1 27.Rf1 Rd2+ 28.Rf2 Bh6 29.Bc3 Rxf2+
30.Kxf2 Nc2 31.Ne2 Be3+ 32.Kf3 Kd7 33.a4 Kc6 34.Bb2 Bd2 35.Ng1 Be3 36.Ne2 a6
37.exd6 Kxd6 38.Bc3 Kc6 39.Kg3 e5 40.dxe5 d4 41.Bb2 Kd5 42.Bc1 Kxe5 43.Bxe3 Nxe3
44.Ng1 f6 45.Nf3+ Kd5 46.Kf4 Ng2+ 47.Kg3 Ne3 48.a5 Kc5 49.Kf4 Nd5+ 50.Ke4 Ne3
51.Nh2 Nd5 52.axb6  1/2-1/2

[Event "Podolsk GMA-qual"]
[Site "Podolsk"]
[Date "1989.??.??"]
[Round "?"]
[White "Petrienko, Vladimir"]
[Black "Piskov, Yury"]
[Result "1/2-1/2"]
[WhiteElo "2420"]
[BlackElo "2440"]

1.e4 d6 2.d4 Nf6 3.Nc3 c6 4.g3 Nbd7 5.Bg2 e5 6.Nge2 b5 7.O-O a6 8.a4 Bb7
9.d5 Nb6 10.dxc6 Bxc6 11.axb5 axb5 12.Bg5 Be7 13.Qd3 Qd7 14.Rxa8+ Nxa8 15.Rd1 Ng4
16.Bxe7 Kxe7 17.Nc1 Rd8 18.N1a2 Qb7 19.Nb4 Nc7 20.Nbd5+ Kf8 21.h3 Bxd5 22.Nxd5 Nf6
23.Nxf6 gxf6 24.Qf3 Ke7 25.Qf5 Ne6 26.Qxh7 Rc8 27.c3 b4 28.cxb4 Qxb4 29.Qh6 Rc2
30.Qe3 Qxb2 31.Qa7+ Rc7 32.Qa5 Rc2 33.Qa7+ Rc7 34.Qa5 Rb7 35.Qd2 Qb6 36.h4 Nd4
37.Rf1 Rc7 38.Kh2 Rc2 39.Qe3 Qb2 40.Kg1 Ne2+ 41.Kh2 Nd4 42.Kg1  1/2-1/2

[Event "Bohemians (Women)"]
[Site "Prague"]
[Date "1989.??.??"]
[Round "?"]
[White "Lauterbach, Ingrid"]
[Black "Modrova, Hana"]
[Result "0-1"]
[WhiteElo "2170"]
[BlackElo "2120"]

1.e4 d6 2.d4 Nf6 3.Nc3 c6 4.f4 Qa5 5.Qd3 e5 6.Nf3 Nbd7 7.Bd2 Qc7 8.O-O-O b5
9.d5 Nc5 10.Qe2 b4 11.Nb1 Ba6 12.Qe1 Bxf1 13.Rxf1 cxd5 14.Qe2 dxe4 15.fxe5 Nd3+
16.Qxd3 exd3 17.c3 dxe5 18.Nxe5 Qxe5 19.Rde1 Ne4 20.g4 Bd6 21.Bf4 Qxf4+ 22.Rxf4 Bxf4+
23.Kd1 O-O 24.Rxe4 bxc3 25.Nxc3 Bxh2 26.Kd2 Rad8 27.Ra4 f5 28.gxf5 Rxf5 29.Ne4 Bf4+
30.Kd1 Be3  0-1

[Event "Bohemians (Women)"]
[Site "Prague"]
[Date "1989.??.??"]
[Round "?"]
[White "Nemcova, Vaclava"]
[Black "Modrova, Hana"]
[Result "1/2-1/2"]
[WhiteElo "2045"]
[BlackElo "2120"]

1.e4 d6 2.d4 Nf6 3.Nc3 c6 4.a4 Qa5 5.Bd2 Qb6 6.Nf3 e5 7.a5 Qc7 8.Be2 Bg4
9.Be3 Nbd7 10.O-O Be7 11.Nd2 Bxe2 12.Qxe2 O-O  1/2-1/2